00299nam a2200121Ia 45000030006000000080041000060400015000471000023000622450054000852600009001395460012001480050017001600STCL150530s9999 xx 000 0 und d aSTCLcSTCL aMadan Varma; Ahuja aText book of economic theory thought and practice c1965 aEnglish20220125165614.0